| 000 | 00391cam a2200145ua 4500 | ||
|---|---|---|---|
| 041 |
_aeng _h |
||
| 082 |
_a372.6 _bPET/LA |
||
| 100 | _aPetty, Walter T . | ||
| 245 |
_aLanguage arts in elementary school / _cWalter T Petty. _hTextual Documents |
||
| 260 |
_aNew Delhi : _bPrentice Hall of India Pvt Ltd. , _c1965. |
||
| 300 | _a116 ; . | ||
| 504 | _a | ||
| 942 | _cBK | ||
| 999 |
_c11550 _d11550 |
||